<The> Application of logistic regression in the financial sector

Logistický regresný model. Vykonávanie logistickej regresnej analýzy. Model Fit testing. Hodnotenie modelu.

Na minha lista:
Detalhes bibliográficos
Autor principal: Pacáková, Viera
Outros Autores: Stankovičová, Iveta, Pacák, Branislav
Formato: Capítulo de Livro
Idioma:inglês
Assuntos:
Tags: Adicionar Tag
Sem tags, seja o primeiro a adicionar uma tag!

MARC

LEADER 00000naa$a2200000$$$4500
001 0049272
005 20240502083130.7
041 0 |a eng 
044 |a PL 
245 1 0 |a <The> Application of logistic regression in the financial sector  |c Viera Pacáková, Iveta Stankovičová, Branislav Pacák 
520 |a Logistický regresný model. Vykonávanie logistickej regresnej analýzy. Model Fit testing. Hodnotenie modelu. 
610 2 0 |a logistika 
610 2 0 |a regresia 
610 2 0 |a analýza regresná 
610 2 0 |a modely 
610 2 0 |a financie 
100 1 |a Pacáková, Viera 
700 1 |a Stankovičová, Iveta 
700 1 |a Pacák, Branislav